<?xml version="1.0" encoding="UTF-8"?>
<record
    xmlns:xsi="http://www.w3.org/2001/XMLSchema-instance"
    xsi:schemaLocation="http://www.loc.gov/MARC21/slim http://www.loc.gov/standards/marcxml/schema/MARC21slim.xsd"
    xmlns="http://www.loc.gov/MARC21/slim">

  <leader>00310    a2200133   4500</leader>
  <controlfield tag="005">20250709072625.0</controlfield>
  <datafield tag="020" ind1=" " ind2=" ">
    <subfield code="a">9781786696137</subfield>
  </datafield>
  <datafield tag="082" ind1=" " ind2=" ">
    <subfield code="a">823.92 CHI</subfield>
  </datafield>
  <datafield tag="100" ind1=" " ind2=" ">
    <subfield code="a">P.F.Chisholm</subfield>
  </datafield>
  <datafield tag="245" ind1=" " ind2=" ">
    <subfield code="a">Knives in the South</subfield>
  </datafield>
  <datafield tag="260" ind1=" " ind2=" ">
    <subfield code="a">London</subfield>
    <subfield code="b">Hodder &amp;Stoughton</subfield>
    <subfield code="c">2014</subfield>
  </datafield>
  <datafield tag="300" ind1=" " ind2=" ">
    <subfield code="a">807p.;ill</subfield>
    <subfield code="c">20cm.</subfield>
  </datafield>
  <datafield tag="942" ind1=" " ind2=" ">
    <subfield code="2">ddc</subfield>
    <subfield code="c">BKS</subfield>
  </datafield>
  <datafield tag="999" ind1=" " ind2=" ">
    <subfield code="c">6623</subfield>
    <subfield code="d">6623</subfield>
  </datafield>
  <datafield tag="952" ind1=" " ind2=" ">
    <subfield code="r">2025-07-09 07:28:17</subfield>
    <subfield code="l">0</subfield>
    <subfield code="o">823.92 MAT</subfield>
    <subfield code="p">MZA0002968</subfield>
    <subfield code="v">90000.00</subfield>
    <subfield code="w">2024-07-04</subfield>
    <subfield code="y">BKS</subfield>
    <subfield code="1">0</subfield>
    <subfield code="2">ddc</subfield>
    <subfield code="4">0</subfield>
    <subfield code="7">0</subfield>
    <subfield code="0">0</subfield>
    <subfield code="a">003</subfield>
    <subfield code="b">003</subfield>
    <subfield code="c">GEN</subfield>
    <subfield code="d">2024-07-04</subfield>
    <subfield code="e">Donation From TLSB</subfield>
    <subfield code="g">30000.00</subfield>
  </datafield>
</record>
